| 000 | 00947nam a2200217Ia 4500 | ||
|---|---|---|---|
| 003 | GCL | ||
| 008 | 140319s9999 xx 000 0 ara d | ||
| 040 |
_aGCL / _cGCL |
||
| 082 | 0 | 4 |
_a001.2 _bم م |
| 100 | 1 | _aمازن مغايرى | |
| 245 | 1 | 0 |
_aموسوعة هل تعلم : الجزء الاول : اكثر من 500 معلومة فى الجغرافيا والتاريخ والادب والعلوم : _bالجزء الثانى : اكثر من 500 معلومة فى الفنون والاداب والحضارات والمعارف العامة / _cمازن مغايرى |
| 250 | _aالاولى | ||
| 260 |
_aالاردن : _bدار القلم العربى ، _c2006 |
||
| 300 |
_a80 ص ؛ _c24 سم |
||
| 490 |
_aموسوعة هل تعلم _v0 |
||
| 650 | 0 | 4 | _aالتثقيف الذاتى |
| 650 | 0 | 4 | _aالثقافة الذاتية |
| 650 | 0 | 4 | _aالكتب والقراءة |
| 650 | 0 | 4 | _aالمعلومات العامه |
| 942 |
_2ddc _cBK |
||
| 999 |
_c10095 _d10095 |
||